Quizzes
Events
Quiz Creation
Community
Videos
Private Events
Remove Ads
Sign In
Join for FREE
Feedback
Dark Mode
Quiz Categories
Sports
Geography
Music
Movies
Television
Just For Fun
Miscellaneous
History
Literature
Language
Science
Gaming
Entertainment
Religion
Holiday
For Kids
Quiz Lab
Recent
Popular Today
Quiz Kudos Today
Editor Picks
Curator Picks
Quizzes by...
Day
Popularity
Type
Ratings
Length
Year
Community
Subscriptions
Recent Discussions
Orange Saloon
Badges
Playlists
Quests
Create
Leaderboards
Showdown
Live 5
Trivia Bingo
Activity
Puzzle Library
Sporcle Events
Private Events
Virtual Trivia
Globe League
Become a Host
Pub Owners
SporcleCon
Opinionation
Our Games
Videos
Blog
Mobile Apps
Partnerships
Remove Ads and Go Orange
Feedback
Sports
Athletes
MLB
NBA
NHL
NFL
Soccer
Sports Teams
WWE
NCAA
Football
Premier League
Basketball
Baseball
Hockey
Golf
Tennis
Cricket
Rugby
Auto Racing
Olympics
World Cup
Sports
Athletes
MLB
NBA
NHL
NFL
Soccer
Sports Teams
WWE
NCAA
Football
Premier League
Basketball
Baseball
Hockey
Golf
Tennis
Cricket
Rugby
Auto Racing
Olympics
World Cup
Random Quiz
Search Sporcle
×
Quiz Lab
Quiz Lab
Sports
MLB
Type in answers that appear in a list
Type in answers that appear in a list
Classic
Best Score? Go Orange.
Most hits by a Dominican-born MLBer Stats
Can you name the Dominican-born MLBers with the most hits?
By
cvip
10m
46 Questions
114 Plays
114 Plays
114 Plays
Comments
Comments
Give Quiz Kudos
Give Quiz Kudos
-
- Ratings
hide this ad
More Info
Replay
Link that replays current quiz
Next Quiz
Link to next quiz in quiz playlist
You Got
0%
They Got
Avg Score
34%
Avg Friend Score
Upgrade to see
Score Distribution
Jump to the score distribution portion of the page
Score
0/46
Timer
10:00
0
Plays Today
Hits
Player
% Correct
2574
Manny Ramirez
78.9%
2465
Vladimir Guerrero
73.7%
1651
Aramis Ramirez
72.8%
1432
Rafael Ramirez
70.2%
1634
David Ortiz
66.7%
1618
Pedro Guerrero
66.7%
2408
Sammy Sosa
62.3%
1937
Albert Pujols
53.5%
2308
Miguel Tejada
51.8%
2586
Julio Franco
47.4%
2276
Tony Fernandez
47.4%
1169
Jose Reyes
47.4%
2101
Felipe Alou
45.6%
1777
Matty Alou
44.7%
1922
Adrian Beltre
43.9%
1370
Neifi Perez
43.9%
1216
Jesus Alou
43%
1663
Alfonso Soriano
42.1%
1112
Robinson Cano
42.1%
1702
George Bell
36%
1889
Luis Castillo
35.1%
1613
Rafael Furcal
35.1%
1687
Tony Pena
32.5%
Hits
Player
% Correct
1109
Deivi Cruz
30.7%
1885
Placido Polanco
28.9%
1591
Jose Guillen
28.9%
1108
Damaso Garcia
27.2%
2087
Cesar Cedeno
26.3%
1264
Juan Encarnacion
24.6%
1146
Tony Batista
23.7%
1139
Juan Uribe
21.1%
1589
Raul Mondesi
20.2%
1688
Alfredo Griffin
18.4%
1578
Juan Samuel
16.7%
1677
Rico Carty
15.8%
1417
Luis Polonia
15.8%
1065
Pedro Feliz
15.8%
1459
Cristian Guzman
14%
1273
Julio Lugo
13.2%
1149
Manny Mota
13.2%
1247
Mariano Duncan
11.4%
1469
Julian Javier
9.6%
1551
Jose Offerman
8.8%
1358
Stan Javier
8.8%
1029
Frank Taveras
6.1%
1453
Jose Vizcaino
5.3%
Quiz Playlist
Details
Report
Send in Message
Add To Playlist
More Info:
With Johnny Peralta nearing 1,000 career hits, here a list of his fellow Dominicans who have already reached that plateau.
Classic:
Type in answers that appear in a list
Quiz Source
Last Updated: Feb 16, 2017
Quiz Scoreboard
CHALLENGE
Sign Up to Join the Scoreboard
Show All
Scores
Hide
Comments
May contain spoilers
Recently Published
Popular People in 1961
by mucciniale
History
6m
1-10 Letter E Words III
by El_Dandy
Language
2m
One Thing in Common: World Cities II
by knightlancer
Geography
7m
More to Explore
Quiz From the Vault
Featured Blog Post
Where Did the Easter Bunny Come From?
hide this ad
You Might Also Like...
Tags
Baseball Quiz
MLB Quiz
debut
hit
Player
Ulcer
Today's Top Quizzes in Sports
Browse Sports
hide this ad
Today's Top Quizzes in MLB
Browse MLB
Top Contributed Quizzes in Sports
1
Les meilleurs buteurs des matchs entre le PSG et l’OM
2
Les entraîneurs de l'OM et du PSG au 21e siècle
3
FIFA Club World Cup Champions
4
2022 World Cup Stars
5
Name the Premier League winners with different clubs
6
La finale Lions - Afrique du Sud 2021
7
Criteria MLB: Left Handed Sluggers
8
Players with Multiple 50 Home Run Seasons
9
MLB Players with Two .350 Batting Average Seasons
10
MLB Hall of Famer by Rings
Explore More
Trending Topics
Crossword
Anime
Harry Potter
Kpop
Disney
NBA
Marvel
Soccer
The Office
Country
NFL
Puzzle
WWE
Pokémon
Song
hide this ad
More By:
cvip
Quiz
Plays
Rating
Category
Featured
Created
MLB Top 100 in base hits in the 1980s
5,371
4.70
Sports
Mar 24, 2012
MLB Top 100 in base hits in the 1970's.
3,356
4.43
Sports
Apr 13, 2012
MLB Top HR hitters from 1976-1985
2,975
4.88
Sports
Mar 21, 2014
MLB Most hits in first 5 years of a career
2,955
4.42
Sports
May 5, 2010
Youngest MLB All-Stars
2,948
3.64
Sports
Jul 5, 2010
Go to Creator's Profile
Score Distribution
Quiz Creator Spotlight
cvip
Follow
Send a Message
Quizzes Created
-
Created Quiz Play Count
-
More By This Creator
Popular Quizzes Today
1
Find the US States - No Outlines Minefield
2
Find the Countries of Europe - No Outlines Minefield
3
The Countries of the World
4
Popular People in 1961
5
1-10 Letter E Words III
6
Find the US States
7
One Thing in Common: World Cities II
8
US States
More Sports Quizzes
Tampa Bay Buccaneers Yearly Rushing Leaders
Quiz Lab
Trending Quizzes
Risky Map Clicking: Least Populous States A-Z
1-10 Letter F Words
1-10 Letter G Words
One Thing in Common: United Kingdom
Risky Map Clicking: Next State Alphabetically
Recently Updated
Leaping Animals
pecheneg
Reality TV Shows (A-Z)
bhenderson79
Rickey Henderson's Hall of Fame Teammates
pecheneg
Champions League XIs: Arsenal
pecheneg
Quick Pick: Celebrities in WWE's Hall of Fame
aduchscher
A-Z Keypad Blitz II
pecheneg
Multiple Oscar Actors
pecheneg
Mystery Phrase Blitz: Oscar 'Best Actors'
pecheneg
F. Scott Fitzgerald Novels
LTH
Pick 3 Villains
ddd62291
Trending Topics
Crossword
Anime
Harry Potter
NBA
Marvel
Disney
Kpop
WWE
Puzzle
Song
The Office
Country
NFL
Soccer
Pokémon
Your Account Isn't Verified!
In order to create a playlist on Sporcle, you need to verify the email address you used during registration. Go to your
Sporcle Settings
to finish the process.
Report this User
Report this user for behavior that violates our
Community Guidelines
.
Details:
Send Report
Go to the Sporcle.com Mobile Site →
Comments